Acceptability of bluternate (clitoria ternatea linn.) as companiment dish / (Record no. 80462)

MARC details
000 -LEADER
fixed length control field 01716nam a22003257a 4500
003 - CONTROL NUMBER IDENTIFIER
control field URS
005 - DATE AND TIME OF LATEST TRANSACTION
control field 20240606211123.0
008 - FIXED-LENGTH DATA ELEMENTS--GENERAL INFORMATION
fixed length control field 240516b |||||||| |||| 00| 0 eng d
050 ## - LIBRARY OF CONGRESS CALL NUMBER
Classification number BT-HRM
Item number A933 2018
245 10 - TITLE STATEMENT
Title Acceptability of bluternate (clitoria ternatea linn.) as companiment dish /
Statement of responsibility, etc. Genie S. Awa-ao [and four others].
260 #1 - PUBLICATION, DISTRIBUTION, ETC.
Date of publication, distribution, etc. [2018]
300 ## - PHYSICAL DESCRIPTION
Extent xii, 74 leaves :
Other physical details color illustrations ;
Dimensions 28 cm
336 ## - CONTENT TYPE
Source rdacontent
Content type term text
337 ## - MEDIA TYPE
Source rdamedia
Media type term unmediated
338 ## - CARRIER TYPE
Source rdacarrier
Carrier type term volume
500 ## - GENERAL NOTE
General note Undergraduate thesis (Hotel and Restaurant Management) - University of Rizal System, Cainta 2018
504 ## - BIBLIOGRAPHY, ETC. NOTE
Bibliography, etc. note Includes bibliographical references.
520 ## - SUMMARY, ETC.
Summary, etc. "The study focused on Acceptability of Bluternate(C//for/a ternatea) companiment dish. The study was conducted during the school year 2017-2018 at University of Rizal System, Cainta Campus." -- Abstract
524 ## - PREFERRED CITATION OF DESCRIBED MATERIALS NOTE
Preferred citation of described materials note Awa-ao, G. S., [and four others]. (2018). Acceptability of bluternate (clitoria ternatea linn.) as companiment dish. University of Rizal System.
546 ## - LANGUAGE NOTE
Language note In English text.
650 #0 - SUBJECT ADDED ENTRY--TOPICAL TERM
Topical term or geographic name entry element Hotel and Restaurant Management
Form subdivision Thesis, Academic.
700 1# - ADDED ENTRY--PERSONAL NAME
Personal name Awa-ao, Genie S.,
Relator term researcher.
700 1# - ADDED ENTRY--PERSONAL NAME
Personal name Baldado, Aries B.,
Relator term researcher.
700 1# - ADDED ENTRY--PERSONAL NAME
Personal name Bohol, Mary Grace L.,
Relator term researcher.
700 1# - ADDED ENTRY--PERSONAL NAME
Personal name Dela Paz, Mary Nel G.,
Relator term researcher.
700 1# - ADDED ENTRY--PERSONAL NAME
Personal name Malanum, Brenda Joy G.,
Relator term researcher.
856 ## - ELECTRONIC LOCATION AND ACCESS
Materials specified Online Request for Student Unpublished Works
Uniform Resource Identifier <a href="https://docs.google.com/forms/d/e/1FAIpQLSdtj_eCncT3hgTIbOB8g-3uMYPTK14UGxs8cj-GqWFJPmnTLA/viewform">https://docs.google.com/forms/d/e/1FAIpQLSdtj_eCncT3hgTIbOB8g-3uMYPTK14UGxs8cj-GqWFJPmnTLA/viewform</a>
856 ## - ELECTRONIC LOCATION AND ACCESS
Materials specified Click here to access online
Uniform Resource Identifier <a href="https://drive.google.com/file/d/1vOygwmdOeNRp3kNO1-UuxdU6HKUPR0EI/view?usp=sharing">https://drive.google.com/file/d/1vOygwmdOeNRp3kNO1-UuxdU6HKUPR0EI/view?usp=sharing</a>
942 ## - ADDED ENTRY ELEMENTS (KOHA)
Source of classification or shelving scheme Library of Congress Classification
Koha item type Theses and dissertations
Holdings
Withdrawn status Source of classification or shelving scheme Damaged status Not for loan Collection code Home library Current library Shelving location Date acquired Source of acquisition Total Checkouts Full call number Barcode Date last seen Copy number Price effective from Koha item type
  Library of Congress Classification     Non-fiction Cainta College Library Cainta College Library Undergraduate Theses 05/17/2024 Donation   BT-HRM A933 2018 URSCAI-UGT0567 05/16/2024 c.1 05/16/2024 Theses and dissertations

University of Rizal System
Email us at univlibservices@urs.edu.ph

Visit our Website www.urs.edu.ph/library